000
00347nam a2200133Ia 4500
008
231129s9999||||xx |||||||||||||| ||spa||
020
_a
958-9018-20-3
040
_b
spa
082
_a
925.3 E35ga
100
_a
García Camarero Ernesto
245
0
_a
Einstein
264
_a
Editora Cinco
942
_2
ddc
_c
BKS
999
_c
10045
_d
10045